Latent defects in buildings: an analysis of insurance possibilities: a report/prepared by Atkins Planning for Building EDC Insurance Feasibility Steering Committee (Record no. 94443)

MARC details
000 -LEADER
fixed length control field 00581cam a2200181 4500
001 - CONTROL NUMBER
control field D1111
008 - FIXED-LENGTH DATA ELEMENTS--GENERAL INFORMATION
fixed length control field 090401t1985 xxu||||| |||| 00| 0 eng d
035 ## - SYSTEM CONTROL NUMBER
System control number (Sirsi) u62567
041 ## - LANGUAGE CODE
Language code of text/sound track or separate title eng
050 ## - LIBRARY OF CONGRESS CALL NUMBER
Classification number 368.1
110 ## - MAIN ENTRY--CORPORATE NAME
Corporate name or jurisdiction name as entry element Atkins Planning
9 (RLIN) 1712
245 ## - TITLE STATEMENT
Title Latent defects in buildings: an analysis of insurance possibilities: a report/prepared by Atkins Planning for Building EDC Insurance Feasibility Steering Committee
260 ## - PUBLICATION, DISTRIBUTION, ETC.
Place of publication, distribution, etc. London
Name of publisher, distributor, etc. National Economic Development Office
Date of publication, distribution, etc. 1985
300 ## - PHYSICAL DESCRIPTION
Extent viii. 143p. 29cm
350 ## - PRICE (NR) (BK AM CF MU VM SE) [OBSOLETE]
Price 20
942 ## - ADDED ENTRY ELEMENTS (KOHA)
Suppress in OPAC 0
948 ## - LOCAL PROCESSING INFORMATION (OCLC); SERIES PART DESIGNATOR (RLIN)
c (OCLC) 04/03/1997
Holdings
Withdrawn status Lost status Source of classification or shelving scheme Damaged status Not for loan Home library Current library Shelving location Date acquired Cost, normal purchase price Total Checkouts Full call number Barcode Date last seen Date last checked out Copy number Cost, replacement price Price effective from Koha item type
    Dewey Decimal Classification     Archives Archives Basement 14/09/1999 20.00 2 F368.1 30003940 26/04/2024 07/10/2002 1 20.00 06/08/2019 Book